000 00718cam a2200229 4500
001 ABS62278
008 000000n2000 000 0 eng u
035 _a(Sirsi) u106350
100 _aAyrton, S
245 _aCan the Eye be copied?
260 _c2000
490 _aBuilding
_v265(8137) 19 May 2000, 76(1)
520 _aFollowing the success of the London Eye and announcements of similar ferris wheels being built elsewhere considers how the designers can protect their work against copying.
590 _aABS
650 _aDESIGN
650 _aCOPYRIGHT
650 _aLONDON EYE
650 _aREGISTERED DESIGNS
650 _aPATENTS
690 _aBUILT ENVIRONMENT-CONSTRUCTION DESIGN
942 _n0
999 _c63699
_d63699